| 000 | 01296nam a2200349 i 4500 | ||
|---|---|---|---|
| 003 | DO-SdBNP | ||
| 005 | 20240424112513.0 | ||
| 007 | ta | ||
| 008 | 240312s2000 dr abc 000 0 spa d | ||
| 020 | _a8482612492 (album) | ||
| 020 | _a8482612417 (cuaderno) | ||
| 040 |
_aDO-SdBNP _bspa _cBNPHU _erda |
||
| 082 | 4 |
_222 _bC355 |
|
| 100 |
_aCastro Catrain, Margarita _929221 _eautora |
||
| 245 | 1 | 0 |
_aSociedad 5 : _beducación básica / _cMargarita Castro Catrain, Petronila Dotel ; dirección editorial, Obdulia García de Escobar ; ilustración, Ruddy Núñez, Braulio Brito M. |
| 264 | 1 |
_aSanto Domingo : _bSantillana, _c2000. |
|
| 300 |
_a2 volumenes _bilustraciones, mapas, retratos _c28 cm. |
||
| 336 |
_2rdacontent _atexto _btxt |
||
| 337 |
_2rdamedia _asin mediación _bn |
||
| 338 |
_2rdacarrier _avolumen _bnc |
||
| 490 | _aUmbral | ||
| 500 | _aEducación básica. | ||
| 500 | _aLa biblioteca posee el álbum de sociedad. | ||
| 500 | _aLa biblioteca posee el cuaderno. | ||
| 590 | _aInventariado, 2024/ YL | ||
| 700 | 1 |
_aGarcía Escobar, Obdulia, _edirección editorial _929560 |
|
| 700 | 1 |
_aDotel, Petronila _eautora _985303 |
|
| 700 | 1 |
_aNúñez, Ruddy, _eilustraciones _923171 |
|
| 700 | 1 |
_aBrito M., Braulio _eilustraciones _929828 |
|
| 910 | _aYLockward | ||
| 942 |
_2ddc _cLBS1 |
||
| 999 |
_c56077 _d56077 |
||